AH International Schools' Libraries

The deep end / (Record no. 48693)

MARC details
000 -LEADER
fixed length control field 00337nam a2200133 4500
020 ## - INTERNATIONAL STANDARD BOOK NUMBER
International Standard Book Number 9780241396957
100 ## - MAIN ENTRY--PERSONAL NAME
Personal name Kinney, Jeff.
245 ## - TITLE STATEMENT
Title The deep end /
Statement of responsibility, etc Jeff Kinney.
260 ## - PUBLICATION, DISTRIBUTION, ETC. (IMPRINT)
Place of publication, distribution, etc UK:
Name of publisher, distributor, etc Puffin;
Date of publication, distribution, etc 2022.
300 ## - PHYSICAL DESCRIPTION
Extent 217 p.
Other physical details ill.
490 ## - SERIES STATEMENT
Series statement Diary of a wimpy kid; Bk.15
650 ## - SUBJECT ADDED ENTRY--TOPICAL TERM
Topical term or geographic name as entry element Comic strips.
9 (RLIN) 85627
942 ## - ADDED ENTRY ELEMENTS (KOHA)
Source of classification or shelving scheme
Koha item type J FIC BOOKS
Holdings
Withdrawn status Lost status Source of classification or shelving scheme Damaged status Not for loan Collection code Home library Current library Shelving location Date acquired Total Checkouts Full call number Barcode Checked out Date last seen Date checked out Price effective from Koha item type
          SECONDARY Asian Hope Secondary Library Asian Hope Secondary Library Junior Fiction 03/21/2025 15 J FIC KIN 207594 05/05/2026 04/28/2026 04/28/2026 03/21/2025 J FIC BOOKS

For any Logos Library related questions please contact Miss Art at swongnarasuk@asianhope.org.

For any Asian Hope Library related questions please contact Miss Raza at graza@asianhope.org.

Powered by Koha